Manual of field geology

Bibliographic Details
Main Author: COMPTON
Format: Book
Published: New York : Wiley , 1962
Subjects:

MARC

LEADER 00000cam a2200000 7i4500
001 0000001282
005 20021127.0
020 0 0 |a 0471166987 
090 0 0 |a 551   |b COM 1962 
100 1 0 |a COMPTON   |h Robert R. 
245 1 0 |a Manual of field geology   |c Robert R. Compton 
260 0 0 |a New York :   |b Wiley ,   |c 1962 
300 |a 378 p. :   |b ill. ;   |c 22 cm. 
650 0 0 |a Geology   |x Handbooks, manuals, etc. 
998 |a JPSM 
999 |a 0000003552   |b Monograph   |c Open Shelf   |e Default branch